Casebook on general management in Asia Pacific /

Western businesses in Asia Pacific. Asian businesses in Asia Pacific. Asian businesses in global competition.

Salvato in:
Dettagli Bibliografici
Natura: Libro
Lingua:English
Pubblicazione: Basingstoke : Macmillan Business, 1999.
Soggetti:
Tags: Aggiungi Tag
Nessun Tag, puoi essere il primo ad aggiungerne! !
Thư viện lưu trữ: Mạng thư viện Đại học Đà Nẵng
LEADER 01047cam a2200349 i 4500
001 000049650
003 9660
005 20051111144121.0
008 010406b1999 vm 000 eng
020 |a 0333717929 
040 |a IRC  |c IRC  |d IRC 
041 0 |a eng 
082 1 4 |a 659.0095  |b Ca-G 
245 0 0 |a Casebook on general management in Asia Pacific /  |c Edited by Dominique Turpin and Xiaobai Shen. 
260 |a Basingstoke :  |b Macmillan Business,  |c 1999. 
300 |a xxi, 602 p. :  |b ill. ;  |c 24.5cm. 
520 3 |a Western businesses in Asia Pacific. Asian businesses in Asia Pacific. Asian businesses in global competition. 
630 0 4 |a Business. 
630 0 4 |a Management. 
630 0 4 |a Enterprises. 
650 0 4 |a International business enterprises  |x Management. 
650 0 4 |a Management  |z Asia. 
OWN |a DUT 
999 |a From the UDN01 
TYP |a Monograph 
TYP |a Printed language 
980 |a Mạng thư viện Đại học Đà Nẵng